000 00642nam a2200193Ia 4500
003 GCL
008 140319s9999 xx 000 0 ara d
040 _aGCL /
_cGCL
082 0 4 _a810.9
_bب ت
100 1 _aبروكلمان ، كارل
245 1 0 _aتاريخ الادب العربى /
_cبروكلمان ، كارل
700 1 _aمحمود فهمى حجازى
260 _aالقاهرة :
_bالهيئة المصرية العامة للكتاب ،
_c1993
300 _aمتعدد ؛
_c24 سم
650 0 4 _aالادب العربى
650 0 4 _aالتراث
650 0 4 _aالادب العربى - تاريخ
942 _2ddc
_cBK
999 _c59325
_d59325